| 000 | 01085nam a2200337 c 4500 | ||
|---|---|---|---|
| 001 | 60532 | ||
| 003 | CO-BoRNBP | ||
| 005 | 20260218194802.0 | ||
| 007 | ta | ||
| 008 | 141017s2002 sp a gr 000 0 spa | ||
| 020 | _a8425509165 | ||
| 040 |
_aCO-BoRNBP _bspa _erda _cCO-BoRNBP |
||
| 041 | 0 | _aspa | |
| 082 | 0 | 4 |
_a613.71 _bB78m |
| 100 | 1 | 0 |
_aBrugger, Lisa _eaut _968997 |
| 245 | 1 | 0 |
_a1000 ejercicios y juegos de calentamiento / _cLisa Brugger, Anita Schmidt, Walter Bucher. |
| 246 | 0 | _aMil ejercicios y juegos de calentamiento | |
| 250 | _aCuarta edición | ||
| 264 | 1 |
_aBarcelona, España : _bHispano Europea, _c2002 |
|
| 300 |
_a272 páginas : _bilustraciones en blanco y negro |
||
| 336 |
_atexto _btxt _2rdacontent |
||
| 337 |
_asin mediación _bn _2rdamedia |
||
| 338 |
_avolumen _bnc _2rdacarrier |
||
| 521 | _aRecomendado para un público mayor de 12 años | ||
| 650 | 0 | 7 |
_aEducacion Fisica _2lemb _962260 |
| 650 | 1 | 7 |
_aGimnasia _2lemb _968998 |
| 650 | 0 | 7 |
_aJuegos _2lemb |
| 700 | 1 | 0 |
_aBucher, Walter, _eaut _917973 |
| 700 | 1 | 0 |
_aSchmid, Anita _eaut _968999 |
| 942 |
_2ddc _cBK |
||
| 999 |
_c60532 _d60532 |
||